000 00548nam a22001937a 4500
005 20180702135707.0
010 _aENG-123335
020 _c1000.00
_a9788193030158
035 _aEN-106867
037 _bDBAD/PUB
082 _a709.54
100 _aUmesh Singh
245 _aIndian iconography /
_cby Umesh Singh
260 _aNew Delhi
_bHomage Publication
_c2015
270 _a198, Site-1, Vikaspuri
_bNew Delhi
_e110018
300 _a248p.
_c22cm(Hb)
500 _aIt includes bibliography
942 _2ddc
_cEN
_mUME
_h709.54
999 _c153168
_d153168